000
00273nam a2200109Ia 4500
008
190216s9999||||xx |||||||||||||| ||und||
100
_a
Saxena R G
245
0
_a
Principles And Practice Of Auditing
260
_b
Himalaya Publishing House
_c
1999
300
_a
497p
942
_c
BK
999
_c
3862
_d
3862